00482cam a22001692 4500001001100000005001700011008004100028020002800069040001500097050001800112100003000130245006800160260002600228300001700254650003800271852000300309000000173620151217151826.0070326s xx 000 0 eng d a0198775709 :cKES 5,549 aKABUcKABU 0aHD30.22b.D631 aDobbs, Ian M.@000015072710aManagerial economics :bfirms, markets, and business decisions. aOxford :bOUP,c2000. axvii, 493 p. 0aManagerial economics.@00001505461